000 00409nam a2200157 i 4500
001 96086
003 ES-MaACL
005 20230906181833.0
007 t|
008 050610s1970 sp ||||1| spa d
100 1 _aMadera, Chona.
_975313
245 1 0 _aContinuada señal /
_cChona Madera.
260 _aMálaga :
_b[s.n.],
_c1970.
300 _a144 p., 3 h. ;
_c21 cm.
852 _aES-MaACL
_jC-39000
_bR.75135
999 _c96086
_d96086